[Event "DEM U14w 2021"]
[Site "Willingen GER"]
[Date "2021.08.27"]
[Round "7"]
[White "Stepanjan, Marianne"]
[Black "Glowiak, Alexandra"]
[Result "0-1"]
[Termination "normal"]
[Board "9"]
[WhiteElo "1392"]
[BlackElo "1413"]
[WhiteClock "00:07:17"]
[BlackClock "00:03:38"]
[PlyCount "108"]
[WhiteFideId "16246110"]
[BlackFideId "16259530"]
[EventCountry "GER"]
[EventRounds "9"]
[EventType "swiss"]
[EventDate "2021.08.22"]

1. e4 {[%clk 01:30:57]} {[%emt 00:00:03]} e5 {[%clk 01:30:54]} {[%emt
00:00:05]} 2. Nf3 {[%clk 01:31:23]} {[%emt 00:00:05]} Nc6 {[%clk 01:31:19]}
{[%emt 00:00:06]} 3. Bc4 {[%clk 01:31:39]} {[%emt 00:00:14]} Bc5 {[%clk
01:31:41]} {[%emt 00:00:06]} 4. c3 {[%clk 01:32:00]} {[%emt 00:00:09]} Nf6
{[%clk 01:32:02]} {[%emt 00:00:09]} 5. d4 {[%clk 01:32:18]} {[%emt 00:00:13]}
exd4 {[%clk 01:32:26]} {[%emt 00:00:07]} 6. cxd4 {[%clk 01:32:38]} {[%emt
00:00:09]} Bb4+ {[%clk 01:32:49]} {[%emt 00:00:07]} 7. Bd2 {[%clk 01:33:00]}
{[%emt 00:00:08]} Bxd2+ {[%clk 01:33:11]} {[%emt 00:00:08]} 8. Nbxd2 {[%clk
01:33:13]} {[%emt 00:00:16]} d5 {[%clk 01:33:20]} {[%emt 00:00:21]} 9. exd5
{[%clk 01:33:24]} {[%emt 00:00:21]} Nxd5 {[%clk 01:33:43]} {[%emt 00:00:06]}
10. Qb3 {[%clk 01:33:35]} {[%emt 00:00:19]} Na5 {[%clk 01:22:30]} {[%emt
00:11:43]} 11. Qa4+ {[%clk 01:33:41]} {[%emt 00:00:24]} Nc6 {[%clk 01:18:03]}
{[%emt 00:04:56]} 12. O-O {[%clk 01:32:10]} {[%emt 00:02:02]} O-O {[%clk
01:18:11]} {[%emt 00:00:22]} 13. Rfe1 {[%clk 01:30:04]} {[%emt 00:02:35]} Bf5
{[%clk 01:12:42]} {[%emt 00:06:00]} 14. Qb5 {[%clk 01:22:45]} {[%emt 00:07:49]}
Nce7 {[%clk 01:03:33]} {[%emt 00:09:39]} 15. Re5 {[%clk 01:07:58]} {[%emt
00:15:07]} Bd7 {[%clk 00:45:21]} {[%emt 00:18:51]} 16. Rxd5 {[%clk 00:53:44]}
{[%emt 00:14:45]} Bxb5 {[%clk 00:45:28]} {[%emt 00:00:22]} 17. Rxd8 {[%clk
00:53:23]} {[%emt 00:00:52]} Raxd8 {[%clk 00:45:44]} {[%emt 00:00:14]} 18. Bxb5
{[%clk 00:53:41]} {[%emt 00:00:12]} c6 {[%clk 00:45:54]} {[%emt 00:00:19]} 19.
Bc4 {[%clk 00:51:08]} {[%emt 00:03:03]} h6 {[%clk 00:44:32]} {[%emt 00:01:52]}
20. Ne4 {[%clk 00:42:02]} {[%emt 00:09:36]} Nf5 {[%clk 00:40:20]} {[%emt
00:04:41]} 21. Rd1 {[%clk 00:39:06]} {[%emt 00:03:26]} Rfe8 {[%clk 00:38:01]}
{[%emt 00:02:49]} 22. Ng3 {[%clk 00:28:49]} {[%emt 00:10:47]} Nd6 {[%clk
00:37:21]} {[%emt 00:01:11]} 23. Bb3 {[%clk 00:27:52]} {[%emt 00:01:27]} Kf8
{[%clk 00:30:52]} {[%emt 00:06:58]} 24. Ne5 {[%clk 00:26:48]} {[%emt 00:01:35]}
Re7 {[%clk 00:28:22]} {[%emt 00:02:59]} 25. a4 {[%clk 00:23:50]} {[%emt
00:03:28]} g6 {[%clk 00:27:13]} {[%emt 00:01:38]} 26. f4 {[%clk 00:19:43]}
{[%emt 00:04:38]} Kg7 {[%clk 00:25:52]} {[%emt 00:01:51]} 27. d5 {[%clk
00:13:49]} {[%emt 00:06:23]} f6 {[%clk 00:19:05]} {[%emt 00:07:17]} 28. Nc4
{[%clk 00:10:43]} {[%emt 00:03:37]} Nxc4 {[%clk 00:18:06]} {[%emt 00:01:28]}
29. Bxc4 {[%clk 00:11:10]} {[%emt 00:00:04]} Red7 {[%clk 00:17:47]} {[%emt
00:00:49]} 30. Ne2 {[%clk 00:04:13]} {[%emt 00:07:27]} cxd5 {[%clk 00:17:36]}
{[%emt 00:00:40]} 31. Bb5 {[%clk 00:04:00]} {[%emt 00:00:44]} Rd6 {[%clk
00:12:38]} {[%emt 00:05:28]} 32. Nd4 {[%clk 00:03:58]} {[%emt 00:00:32]} Kf7
{[%clk 00:12:31]} {[%emt 00:00:37]} 33. g4 {[%clk 00:02:37]} {[%emt 00:01:51]}
a6 {[%clk 00:12:09]} {[%emt 00:00:51]} 34. Bd3 {[%clk 00:02:41]} {[%emt
00:00:25]} Rb6 {[%clk 00:11:06]} {[%emt 00:01:34]} 35. Rc1 {[%clk 00:01:36]}
{[%emt 00:01:36]} Rd7 {[%clk 00:09:12]} {[%emt 00:02:24]} 36. Rc2 {[%clk
00:01:19]} {[%emt 00:00:46]} Rb4 {[%clk 00:09:06]} {[%emt 00:00:35]} 37. Ne2
{[%clk 00:01:02]} {[%emt 00:00:49]} Rxa4 {[%clk 00:09:09]} {[%emt 00:00:26]}
38. f5 {[%clk 00:01:19]} {[%emt 00:00:13]} Rxg4+ {[%clk 00:08:33]} {[%emt
00:01:05]} 39. Ng3 {[%clk 00:01:35]} {[%emt 00:00:15]} g5 {[%clk 00:08:00]}
{[%emt 00:01:02]} 40. Kf2 {[%clk 00:01:22]} {[%emt 00:00:44]} Rf4+ {[%clk
00:04:17]} {[%emt 00:04:13]} 41. Kg2 {[%clk 00:01:04]} {[%emt 00:00:48]} Rb4
{[%clk 00:21:52]} {[%emt 00:12:54]} 42. Rd2 {[%clk 00:22:37]} {[%emt 00:08:58]}
Rd6 {[%clk 00:14:21]} {[%emt 00:08:00]} 43. Rc2 {[%clk 00:15:26]} {[%emt
00:07:43]} Rc6 {[%clk 00:10:24]} {[%emt 00:04:25]} 44. Rd2 {[%clk 00:15:26]}
{[%emt 00:00:31]} Rcb6 {[%clk 00:08:45]} {[%emt 00:02:09]} 45. Be2 {[%clk
00:14:51]} {[%emt 00:01:05]} Rxb2 {[%clk 00:04:49]} {[%emt 00:04:26]} 46. Rxd5
{[%clk 00:15:09]} {[%emt 00:00:13]} Ke7 {[%clk 00:04:57]} {[%emt 00:00:23]} 47.
Ra5 {[%clk 00:12:05]} {[%emt 00:03:33]} h5 {[%clk 00:03:17]} {[%emt 00:02:09]}
48. Kf2 {[%clk 00:10:16]} {[%emt 00:02:19]} R6b4 {[%clk 00:02:37]} {[%emt
00:01:10]} 49. Nxh5 {[%clk 00:09:15]} {[%emt 00:01:31]} Rh4 {[%clk 00:03:05]}
{[%emt 00:00:02]} 50. Ng3 {[%clk 00:08:43]} {[%emt 00:01:03]} Rxh2+ {[%clk
00:03:30]} {[%emt 00:00:05]} 51. Ke3 {[%clk 00:08:52]} {[%emt 00:00:21]} Rb3+
{[%clk 00:02:51]} {[%emt 00:01:08]} 52. Kd4 {[%clk 00:07:57]} {[%emt 00:01:25]}
Rxg3 {[%clk 00:03:04]} {[%emt 00:00:18]} 53. Kd5 {[%clk 00:07:23]} {[%emt
00:01:03]} Rxe2 {[%clk 00:03:24]} {[%emt 00:00:12]} 54. Rc5 {[%clk 00:07:17]}
{[%emt 00:00:35]} Re5+ {[%clk 00:03:38]} {[%emt 00:00:15]} 0-1

[Event "DEM U14w 2021"]
[Site "Willingen GER"]
[Date "2021.08.27"]
[Round "7"]
[White "Fischer, Juliane"]
[Black "Arnold, Rubina"]
[Result "1-0"]
[Termination "normal"]
[Board "10"]
[WhiteElo "1486"]
[BlackElo "1498"]
[WhiteClock "00:17:25"]
[BlackClock "00:24:25"]
[PlyCount "55"]
[WhiteFideId "16290135"]
[BlackFideId "16276272"]
[EventCountry "GER"]
[EventRounds "9"]
[EventType "swiss"]
[EventDate "2021.08.22"]

1. e4 {[%clk 01:30:58]} {[%emt 18:00:51]} c5 {[%clk 01:30:54]} {[%emt
00:00:06]} 2. Nc3 {[%clk 01:31:19]} {[%emt 00:00:09]} a6 {[%clk 01:31:07]}
{[%emt 00:00:18]} 3. f4 {[%clk 01:31:23]} {[%emt 00:00:26]} b5 {[%clk
01:31:28]} {[%emt 00:00:08]} 4. a3 {[%clk 01:27:47]} {[%emt 00:04:06]} e6
{[%clk 01:30:01]} {[%emt 00:01:57]} 5. Nf3 {[%clk 01:21:31]} {[%emt 00:06:45]}
Bb7 {[%clk 01:30:09]} {[%emt 00:00:22]} 6. d3 {[%clk 01:20:13]} {[%emt
00:01:48]} d5 {[%clk 01:28:10]} {[%emt 00:02:30]} 7. exd5 {[%clk 01:14:53]}
{[%emt 00:05:50]} exd5 {[%clk 01:28:22]} {[%emt 00:00:18]} 8. d4 {[%clk
01:14:42]} {[%emt 00:00:40]} c4 {[%clk 01:17:36]} {[%emt 00:11:17]} 9. g3
{[%clk 01:10:04]} {[%emt 00:05:06]} Nf6 {[%clk 01:13:42]} {[%emt 00:04:26]} 10.
Bg2 {[%clk 01:08:44]} {[%emt 00:01:50]} Be7 {[%clk 01:10:38]} {[%emt 00:03:34]}
11. O-O {[%clk 01:06:03]} {[%emt 00:03:11]} O-O {[%clk 01:08:27]} {[%emt
00:02:40]} 12. Ne5 {[%clk 01:01:33]} {[%emt 00:05:01]} Qc7 {[%clk 00:59:34]}
{[%emt 00:09:23]} 13. Nb1 {[%clk 00:55:58]} {[%emt 00:06:04]} Nc6 {[%clk
00:57:53]} {[%emt 00:02:12]} 14. Be3 {[%clk 00:52:37]} {[%emt 00:03:50]} Rfd8
{[%clk 00:52:44]} {[%emt 00:05:39]} 15. c3 {[%clk 00:48:18]} {[%emt 00:04:50]}
Bc8 {[%clk 00:50:06]} {[%emt 00:03:08]} 16. Nd2 {[%clk 00:44:09]} {[%emt
00:04:38]} Bf5 {[%clk 00:43:57]} {[%emt 00:06:40]} 17. g4 {[%clk 00:37:35]}
{[%emt 00:07:03]} Nxe5 {[%clk 00:41:10]} {[%emt 00:03:18]} 18. fxe5 {[%clk
00:29:07]} {[%emt 00:08:57]} Bxg4 {[%clk 00:40:37]} {[%emt 00:01:05]} 19. Bf3
{[%clk 00:27:42]} {[%emt 00:01:53]} Bh3 {[%clk 00:34:45]} {[%emt 00:06:22]} 20.
exf6 {[%clk 00:24:03]} {[%emt 00:04:10]} Bxf1 {[%clk 00:35:03]} {[%emt
00:00:12]} 21. fxe7 {[%clk 00:24:18]} {[%emt 00:00:15]} Qxe7 {[%clk 00:35:09]}
{[%emt 00:00:23]} 22. Nxf1 {[%clk 00:24:34]} {[%emt 00:00:14]} f5 {[%clk
00:33:45]} {[%emt 00:01:55]} 23. Qd2 {[%clk 00:23:28]} {[%emt 00:01:37]} Qd7
{[%clk 00:29:43]} {[%emt 00:04:33]} 24. Bf4 {[%clk 00:22:17]} {[%emt 00:01:39]}
h6 {[%clk 00:28:40]} {[%emt 00:01:34]} 25. Ne3 {[%clk 00:21:49]} {[%emt
00:00:58]} Qf7 {[%clk 00:25:35]} {[%emt 00:03:35]} 26. Qg2 {[%clk 00:18:05]}
{[%emt 00:04:14]} Kh8 {[%clk 00:24:15]} {[%emt 00:01:51]} 27. Bxd5 {[%clk
00:17:17]} {[%emt 00:01:18]} Rxd5 {[%clk 00:24:25]} {[%emt 00:00:20]} 28. Qxd5
{[%clk 00:17:25]} {[%emt 00:00:22]} 1-0

[Event "DEM U14w 2021"]
[Site "Willingen GER"]
[Date "2021.08.27"]
[Round "7"]
[White "Malmström, Eva"]
[Black "Alhassan, Jodi"]
[Result "1/2-1/2"]
[Termination "normal"]
[Board "11"]
[WhiteElo "1348"]
[BlackElo "1243"]
[WhiteClock "01:40:59"]
[BlackClock "00:11:02"]
[PlyCount "88"]
[WhiteFideId "34607072"]
[BlackFideId "16250460"]
[EventCountry "GER"]
[EventRounds "9"]
[EventType "swiss"]
[EventDate "2021.08.22"]

1. e4 {[%clk 01:30:59]} c5 {[%clk 01:30:36]} {[%emt 00:00:25]} 2. d4 {[%clk
01:31:08]} {[%emt 00:00:20]} cxd4 {[%clk 01:30:56]} {[%emt 00:00:10]} 3. c3
{[%clk 01:31:31]} {[%emt 00:00:07]} dxc3 {[%clk 01:31:11]} {[%emt 00:00:15]} 4.
Nxc3 {[%clk 01:31:53]} {[%emt 00:00:08]} Nc6 {[%clk 01:31:31]} {[%emt
00:00:10]} 5. Bc4 {[%clk 01:31:48]} {[%emt 00:00:35]} e6 {[%clk 01:30:23]}
{[%emt 00:01:37]} 6. Nf3 {[%clk 01:31:10]} {[%emt 00:01:09]} Nf6 {[%clk
01:26:20]} {[%emt 00:04:33]} 7. e5 {[%clk 01:30:09]} {[%emt 00:01:30]} Ng8
{[%clk 00:32:11]} {[%emt 00:54:40]} 8. O-O {[%clk 01:29:23]} {[%emt 00:01:15]}
d6 {[%clk 00:29:32]} {[%emt 00:03:10]} 9. exd6 {[%clk 01:29:34]} {[%emt
00:00:19]} Bxd6 {[%clk 00:28:36]} {[%emt 00:01:27]} 10. Ne4 {[%clk 01:29:20]}
{[%emt 00:00:44]} Bc7 {[%clk 00:24:07]} {[%emt 00:04:59]} 11. Qxd8+ {[%clk
01:28:30]} {[%emt 00:01:19]} Bxd8 {[%clk 00:20:51]} {[%emt 00:03:46]} 12. Nd6+
{[%clk 01:28:29]} {[%emt 00:00:32]} Ke7 {[%clk 00:21:01]} {[%emt 00:00:20]} 13.
Rd1 {[%clk 01:28:05]} {[%emt 00:00:53]} Bc7 {[%clk 00:20:57]} {[%emt 00:00:34]}
14. Bf4 {[%clk 01:27:53]} {[%emt 00:00:43]} Nf6 {[%clk 00:13:25]} {[%emt
00:08:02]} 15. Ne5 {[%clk 01:23:02]} {[%emt 00:05:21]} Nxe5 {[%clk 00:11:02]}
{[%emt 00:02:54]} 16. Bxe5 {[%clk 01:22:57]} {[%emt 00:00:34]} Bb8 {[%clk
00:01:26]} {[%emt 00:10:05]} 17. Nxc8+ {[%clk 01:22:46]} {[%emt 00:00:42]} Rxc8
{[%clk 00:01:31]} {[%emt 00:00:25]} 18. Bxb8 {[%clk 01:22:15]} {[%emt
00:01:02]} Raxb8 {[%clk 00:01:32]} {[%emt 00:00:28]} 19. Bb5 {[%clk 01:22:20]}
{[%emt 00:00:24]} Rd8 {[%clk 00:01:35]} {[%emt 00:00:28]} 20. f4 {[%clk
01:21:48]} {[%emt 00:01:02]} Rxd1+ {[%clk 00:01:47]} {[%emt 00:00:17]} 21. Rxd1
{[%clk 01:22:11]} {[%emt 00:00:06]} Rd8 {[%clk 00:02:13]} {[%emt 00:00:05]} 22.
Rc1 {[%clk 01:22:11]} {[%emt 00:00:30]} Nd5 {[%clk 00:01:52]} {[%emt 00:00:51]}
23. g3 {[%clk 01:21:53]} {[%emt 00:00:48]} a6 {[%clk 00:01:36]} {[%emt
00:00:47]} 24. Bd3 {[%clk 01:21:41]} {[%emt 00:00:40]} h6 {[%clk 00:01:43]}
{[%emt 00:00:24]} 25. Be4 {[%clk 01:21:25]} {[%emt 00:00:46]} f5 {[%clk
00:01:55]} {[%emt 00:00:18]} 26. Bf3 {[%clk 01:21:04]} {[%emt 00:00:50]} Kd7
{[%clk 00:01:07]} {[%emt 00:01:18]} 27. Kf2 {[%clk 01:19:58]} {[%emt 00:01:36]}
Rc8 {[%clk 00:00:59]} {[%emt 00:00:39]} 28. Rxc8 {[%clk 01:17:07]} {[%emt
00:03:21]} Kxc8 {[%clk 00:01:25]} {[%emt 00:00:04]} 29. Bxd5 {[%clk 01:17:00]}
{[%emt 00:00:38]} exd5 {[%clk 00:01:46]} {[%emt 00:00:07]} 30. Ke3 {[%clk
01:17:07]} {[%emt 00:00:24]} Kd7 {[%clk 00:02:06]} {[%emt 00:00:10]} 31. Kd3
{[%clk 01:17:05]} {[%emt 00:00:32]} Ke6 {[%clk 00:01:58]} {[%emt 00:00:37]} 32.
Kc3 {[%clk 01:16:58]} {[%emt 00:00:37]} Kd6 {[%clk 00:01:47]} {[%emt 00:00:42]}
33. Kd4 {[%clk 01:17:05]} {[%emt 00:00:23]} Ke6 {[%clk 00:01:30]} {[%emt
00:00:46]} 34. Kc5 {[%clk 01:16:58]} {[%emt 00:00:37]} b6+ {[%clk 00:01:41]}
{[%emt 00:00:20]} 35. Kd4 {[%clk 01:17:10]} {[%emt 00:00:18]} Kd6 {[%clk
00:01:45]} {[%emt 00:00:26]} 36. a3 {[%clk 01:16:08]} {[%emt 00:01:32]} g5
{[%clk 00:01:19]} {[%emt 00:00:55]} 37. b4 {[%clk 01:15:49]} {[%emt 00:00:50]}
g4 {[%clk 00:01:05]} {[%emt 00:00:44]} 38. Kd3 {[%clk 01:15:45]} {[%emt
00:00:34]} a5 {[%clk 00:01:03]} {[%emt 00:00:32]} 39. Kd4 {[%clk 01:14:35]}
{[%emt 00:01:40]} a4 {[%clk 00:00:39]} {[%emt 00:00:54]} 40. Kc3 {[%clk
01:14:44]} {[%emt 00:00:21]} b5 {[%clk 00:00:40]} {[%emt 00:00:28]} 41. Kd4
{[%clk 01:14:30]} {[%emt 00:00:45]} Ke6 {[%clk 00:10:02]} {[%emt 00:21:09]} 42.
Kc5 {[%clk 01:43:24]} {[%emt 00:01:35]} d4 {[%clk 00:10:19]} {[%emt 00:00:13]}
43. Kxd4 {[%clk 01:42:34]} {[%emt 00:01:19]} Kd6 {[%clk 00:10:43]} {[%emt
00:00:07]} 44. Kc3 {[%clk 01:40:59]} {[%emt 00:02:05]} Kd5 {[%clk 00:11:02]}
{[%emt 00:00:11]} 1/2-1/2

[Event "DEM U14w 2021"]
[Site "Willingen GER"]
[Date "2021.08.27"]
[Round "7"]
[White "Heuberger, Sandra"]
[Black "Marrufo, Emilia"]
[Result "1-0"]
[Termination "normal"]
[Board "12"]
[WhiteElo "1110"]
[BlackElo "1020"]
[WhiteClock "00:56:49"]
[BlackClock "00:15:32"]
[PlyCount "105"]
[WhiteFideId "16232151"]
[BlackFideId "16287363"]
[EventCountry "GER"]
[EventRounds "9"]
[EventType "swiss"]
[EventDate "2021.08.22"]

1. d4 {[%clk 01:30:57]} {[%emt 00:00:03]} d5 {[%clk 01:30:53]} {[%emt
00:00:06]} 2. c4 {[%clk 01:31:23]} {[%emt 00:00:05]} e6 {[%clk 01:31:07]}
{[%emt 00:00:15]} 3. Nc3 {[%clk 01:31:48]} {[%emt 00:00:05]} Nf6 {[%clk
01:31:24]} {[%emt 00:00:14]} 4. Bg5 {[%clk 01:32:07]} {[%emt 00:00:11]} c5
{[%clk 01:31:36]} {[%emt 00:00:18]} 5. e3 {[%clk 01:32:21]} {[%emt 00:00:16]}
cxd4 {[%clk 01:31:47]} {[%emt 00:00:19]} 6. exd4 {[%clk 01:32:37]} {[%emt
00:00:13]} Be7 {[%clk 01:32:05]} {[%emt 00:00:13]} 7. Nf3 {[%clk 01:32:45]}
{[%emt 00:00:21]} O-O {[%clk 01:32:12]} {[%emt 00:00:24]} 8. Bd3 {[%clk
01:32:52]} {[%emt 00:00:22]} dxc4 {[%clk 01:32:20]} {[%emt 00:00:23]} 9. Bxc4
{[%clk 01:33:10]} {[%emt 00:00:11]} Nc6 {[%clk 01:32:30]} {[%emt 00:00:21]} 10.
O-O {[%clk 01:33:14]} {[%emt 00:00:26]} b6 {[%clk 01:32:25]} {[%emt 00:00:34]}
11. Re1 {[%clk 01:29:55]} {[%emt 00:03:48]} Bb7 {[%emt 00:01:58]} 12. a3 {[%clk
01:25:54]} {[%emt 00:03:29]} h6 {[%clk 01:31:49]} {[%emt 00:00:41]} 13. Bh4
{[%clk 01:26:00]} {[%emt 00:00:24]} Qc7 {[%emt 00:05:11]} 14. Bg3 {[%clk
01:23:15]} {[%emt 00:00:40]} Bd6 {[%clk 01:28:09]} {[%emt 00:02:04]} 15. Nb5
{[%clk 01:19:33]} {[%emt 00:04:12]} Qd8 {[%clk 01:25:39]} {[%emt 00:02:59]} 16.
Nxd6 {[%clk 01:17:28]} {[%emt 00:02:36]} Bc8 {[%clk 01:23:53]} {[%emt
00:02:17]} 17. Rc1 {[%clk 01:15:09]} {[%emt 00:02:47]} Qd7 {[%clk 01:17:56]}
{[%emt 00:06:29]} 18. Bb5 {[%clk 01:13:33]} {[%emt 00:02:05]} Qe7 {[%clk
01:10:06]} {[%emt 00:08:22]} 19. Bxc6 {[%clk 01:13:23]} {[%emt 00:00:39]} Rb8
{[%clk 01:02:19]} {[%emt 00:08:18]} 20. Ne4 {[%emt 00:07:48]} Ba6 {[%clk
00:55:42]} {[%emt 00:01:26]} 21. Bxb8 {[%clk 01:11:31]} {[%emt 00:00:44]} Rxb8
{[%clk 00:55:45]} {[%emt 00:00:27]} 22. Nxf6+ {[%clk 01:11:11]} {[%emt
00:00:50]} Qxf6 {[%clk 00:55:56]} {[%emt 00:00:18]} 23. Qb3 {[%clk 01:10:40]}
{[%emt 00:01:01]} Qf4 {[%clk 00:49:43]} {[%emt 00:06:42]} 24. d5 {[%clk
01:09:33]} {[%emt 00:01:38]} exd5 {[%clk 00:44:52]} {[%emt 00:05:23]} 25. Bxd5
{[%clk 01:09:41]} {[%emt 00:00:21]} Rf8 {[%emt 00:00:41]} 26. Rc3 {[%clk
01:08:20]} {[%emt 00:01:45]} Bc8 {[%clk 00:40:56]} {[%emt 00:04:21]} 27. Rce3
{[%clk 01:07:59]} {[%emt 00:00:50]} Bd7 {[%clk 00:40:55]} {[%emt 00:00:31]} 28.
Re7 {[%clk 01:06:38]} {[%emt 00:01:51]} Ba4 {[%clk 00:39:18]} {[%emt 00:02:08]}
29. Qc4 {[%clk 01:05:59]} {[%emt 00:01:06]} Qxc4 {[%clk 00:38:59]} {[%emt
00:00:52]} 30. Bxc4 {[%clk 01:06:17]} {[%emt 00:00:11]} Kh7 {[%clk 00:38:13]}
{[%emt 00:01:15]} 31. Re8 {[%emt 00:01:10]} Bxe8 {[%clk 00:37:48]} {[%emt
00:00:12]} 32. h3 {[%clk 01:05:36]} {[%emt 00:01:15]} Ba4 {[%clk 00:36:32]}
{[%emt 00:01:45]} 33. Re7 {[%clk 01:03:06]} {[%emt 00:02:57]} f6 {[%clk
00:30:08]} {[%emt 00:06:58]} 34. Rxa7 {[%clk 01:02:50]} {[%emt 00:00:45]} Bc2
{[%clk 00:29:16]} {[%emt 00:01:22]} 35. Ra6 {[%clk 01:02:03]} {[%emt 00:01:18]}
Rd8 {[%clk 00:28:10]} {[%emt 00:01:35]} 36. Rxb6 {[%clk 00:59:58]} {[%emt
00:02:37]} Rd1+ {[%clk 00:28:05]} {[%emt 00:00:33]} 37. Kh2 {[%clk 01:00:07]}
{[%emt 00:00:20]} Rd7 {[%clk 00:26:42]} {[%emt 00:01:55]} 38. Bb3 {[%emt
00:04:38]} Bd3 {[%clk 00:25:11]} {[%emt 00:00:33]} 39. a4 {[%clk 00:56:45]}
{[%emt 00:01:11]} Ra7 {[%clk 00:24:00]} {[%emt 00:01:42]} 40. Nd4 {[%clk
00:55:53]} {[%emt 00:01:19]} Ra8 {[%clk 00:21:27]} {[%emt 00:03:06]} 41. Rb4
{[%clk 00:55:41]} {[%emt 00:00:41]} Kg6 {[%clk 00:20:17]} {[%emt 00:02:21]} 42.
Bc2 {[%clk 00:56:00]} {[%emt 00:00:31]} Bxc2 {[%clk 00:20:26]} {[%emt
00:00:20]} 43. Nxc2 {[%clk 00:56:24]} {[%emt 00:00:06]} Kf7 {[%clk 00:20:37]}
{[%emt 00:00:19]} 44. Nd4 {[%clk 00:56:35]} {[%emt 00:00:19]} Ke7 {[%clk
00:20:43]} {[%emt 00:00:25]} 45. Rc4 {[%clk 00:56:23]} {[%emt 00:00:41]} Kd6
{[%clk 00:20:43]} {[%emt 00:00:30]} 46. Nf5+ {[%clk 00:56:20]} {[%emt
00:00:33]} Kd5 {[%clk 00:20:37]} {[%emt 00:00:36]} 47. b3 {[%clk 00:56:25]}
{[%emt 00:00:25]} Ke6 {[%clk 00:19:54]} {[%emt 00:01:12]} 48. Nxg7+ {[%clk
00:56:45]} {[%emt 00:00:11]} Kf7 {[%clk 00:19:43]} {[%emt 00:00:41]} 49. Nf5
{[%clk 00:56:37]} {[%emt 00:00:37]} Kg6 {[%clk 00:15:54]} {[%emt 00:04:19]} 50.
g4 {[%clk 00:56:43]} {[%emt 00:00:23]} Kg5 {[%clk 00:16:04]} {[%emt 00:00:22]}
51. f4+ {[%clk 00:56:48]} {[%emt 00:00:26]} Kg6 {[%emt 00:01:54]} 52. Rc7
{[%clk 00:56:27]} {[%emt 00:00:09]} Rg8 {[%clk 00:15:32]} {[%emt 00:00:19]} 53.
Nh4# {[%clk 00:56:49]} {[%emt 00:00:07]} 1-0